000 00367nam a2200145Ia 4500
008 230312s9999||||xx |||||||||||||| ||und||
020 _a0-17-012298-0
082 _a005.117
_bUNH-P
100 _aUnhelkar;Bhuvan
245 0 _aPractical Object Oriented Analysis
260 _bThomson
_aAustralia
_c2005
300 _a221
650 _aComputer
_vComputer
942 _cBK
999 _c15582
_d15582